Normal view
MARC view
- Fishbach, Ayelet.
Entry Personal Name
001 - CONTROL NUMBER
- control field: 58066
003 - CONTROL NUMBER IDENTIFIER
- control field: OSt
005 - DATE AND TIME OF LATEST TRANSACTION
- control field: 20240816115843.0
008 - FIXED-LENGTH DATA ELEMENTS
- fixed length control field: 240816|| aca||aabn | a|a d
040 ## - CATALOGING SOURCE
- Original cataloging agency: OSt
- Transcribing agency: OSt
100 ## - HEADING--PERSONAL NAME
- Personal name: Fishbach, Ayelet.
- Relator term: author.
670 ## - SOURCE DATA FOUND
- Source citation: Work cat.: (OSt): Woolley, Kaitlin. author. 58065, Food restriction and the experience of social isolation /, September 2020.
